000
00334nam a2200169Ia 4500
100
_a
Jain & Jain
650
_a
Chemistry
250
_a
12
942
_c
BK
654
_a
Chemistry
245
_a
Engineering Chemistry
260
_b
Dhanpat Rai
_c
1998
082
_a
540
_b
JAIN
300
_a
952
546
_a
ENGLISH
999
_c
22375
_d
22375